Návrh opatrení na zlepšenie marketingovej stratégie vybraného produktu v TATRACHEMA, výrobné družstvo Trnava

Uložené v:
Podrobná bibliografia
Hlavný autor: Bieliková, Veronika (Autor)
Ďalší autori: Prajová, Vanessa (Vedúci práce)
Médium: Rukopis Kniha
Jazyk:Slovak
Vydavateľské údaje: 2015
Predmet:
On-line prístup:http://is.stuba.sk/zp/portal_zp.pl?podrobnosti=96028
Tagy: Pridať tag
Žiadne tagy, Buďte prvý, kto otaguje tento záznam!

MARC

LEADER 00000ntm a22000003a 4500
001 stuzp50023
003 SK-STU
005 20160719153434.4
007 ta
008 150427s2015----xo-----f-mn---000-0-slo-d
040 |a STU  |b slo 
041 0 |a slo 
100 1 |a Bieliková, Veronika  |u 064000  |4 aut  |U MTF Materiálovotechnologická fakulta  |T MTF Ústav priemyselného inžinierstva a manažmentu  |X 46692  |U M4000  |Y 84  |7 46692 
242 0 1 |a Proposal of measures to improve planning of marketing strategies for a selected product in an industrial company Tatrachema, v.d. Trnava  |y eng 
245 1 0 |a Návrh opatrení na zlepšenie marketingovej stratégie vybraného produktu v TATRACHEMA, výrobné družstvo Trnava 
260 |c 2015 
650 4 |a marketing  |2 slo 
650 4 |a marketingový mix  |2 slo 
650 4 |a marketingové plánovánie  |2 slo 
650 4 |a marketingové stratégie  |2 slo 
650 4 |a marketingový výskum  |2 slo 
650 4 |a marketing mix  |2 eng 
650 4 |a marketing planning  |2 eng 
650 4 |a marketing strategy  |2 eng 
650 4 |a marketing research  |2 eng 
650 4 |a marketing  |2 eng 
700 1 |a Prajová, Vanessa  |4 ths  |X 47651  |7 A000047651 
856 4 |u http://is.stuba.sk/zp/portal_zp.pl?podrobnosti=96028 
996 |c M* BP-7223  |l MMSKP  |s P  |a 0  |w stuzp50023_0001 
SQL |a stuzp50023  |b DBP  |c SLO  |d Návrh opatrení na zlepšenie marketingovej stratégie vybraného produktu v TATRACHEMA, výrobné družstvo Trnava  |e 46692  |f Bieliková, Veronika  |g 064000  |h 47651  |i Prajová, Vanessa  |j 20150624  |k 175  |l 06  |m http://is.stuba.sk/zp/portal_zp.pl?podrobnosti=96028  |n B-PMA  |o 5.2.52. priemyselné inžinierstvo